000 00722nam a2200241Ia 4500
003 OSt
005 20250531105031.0
008 210716s2002 xx 000 0 und d
020 _a0074637088
040 _cAIMIT LIBRARY
041 _aeng
082 _a005.7402
_bLEOA
100 _aLeon, Alexis.
_9212010
245 _aSql :
_bcomplete reference /
_cBy Alexis Leon.
250 _a1st ed.
260 _aNew Delhi :
_bTata McGraw Hill Publishing Company Ltd ,
_c2002.
300 _axvi,451p.;
_bpb
_c24.5 cm.
650 _aRelational database management systems
_9212011
650 _aData Normalization
_9212012
650 _aAggregate functions
_9212013
650 _aData integrity
_9212014
942 _2ddc
_cBK
_e1
999 _c185532
_d185532